000
00252nam a2200097Ia 4500
001
1160207
005
20250827011603.0
008
250824s9999 xx 000 0 und d
245
0
_a
HER ŞEY VAKTİNİ BEKLER
_c
HAKAN MENGÜÇ
260
_b
DESTEK YAYINLARI
999
_c
1160207
_d
1160207